| 000 | 01294nam a22003610a 4500 | ||
|---|---|---|---|
| 001 | PT22904 | ||
| 003 | AR-LpoUNG | ||
| 005 | 20260325100217.0 | ||
| 008 | 191001s2002||||ag |||||||||||||||||spa d | ||
| 020 |
_a9507863354 _c$8,9&10.50 |
||
| 040 |
_aAR-LpoUNG _bspa _cAR-LpoUNG _eaacr |
||
| 041 | _aspa | ||
| 044 | _aag | ||
| 082 | 0 | _a982.065 212otr | |
| 100 | 1 | _aGaraño, Santiago | |
| 245 | 1 | 3 |
_aLa otra juvenilia : _bmilitancia y represión en el Colegio Nacional de Buenos Aires : 1971 - 1986 |
| 250 | _a2da. ed. | ||
| 260 |
_aBuenos Aires : _bBiblos, _c2002. |
||
| 300 |
_a256 p. : _bil. |
||
| 520 | _aCuenta la historia de la militancia y la represión en el Colegio Nacional. Más de 105 alumnos y ex-alumnos fueron asesinados por la represión ilegal. Luego de la Guerra de Malvinas se volvió a formar un centro de estudiantes y los alumnos repudiaron abiertamente a las autoridades del Proceso de Reorganización Nacional. | ||
| 650 | 4 | _aARGENTINA | |
| 650 | 4 | _aDEMOCRACIA | |
| 650 | 4 | _aDICTADURA | |
| 650 | 4 | _aFUERZAS ARMADAS | |
| 650 | 4 | _aGOBIERNO MILITAR | |
| 650 | 4 | _aGOLPES DE ESTADO | |
| 650 | 4 | _aHISTORIA SOCIAL | |
| 650 | 4 | _aTORTURA | |
| 653 | 0 | _aPROCESO DE REORGANIZACION NACIONAL | |
| 700 | 1 | _aPertot, Werner | |
| 905 | _a22904 | ||
| 942 |
_cLIB _2ddc |
||
| 999 |
_c19261 _d19261 |
||